000 00380nam a2200133Ia 4500
008 220204s9999 xx 000 0 und d
082 _a338.43.01
_bCRA
100 _aCRAMER, Gail L
245 0 _aAgricultural economics and agribusiness: An introduction
260 _aNew York
_bJohn Wiley
_c1979
650 _aAgricultural economics
700 _aJENSEN, Clarence W
942 _cBK
999 _c32050
_d32050